000 00628nam a2200253Ia 4500
003 OSt
005 20220912145428.0
006 a|||||r|||| 00| 0
007 ta
008 220909b |||||||| |||| 00| 0 eng d
024 _a66282
037 _cTextual
040 _aCSL
_beng
_cCSL
041 _aeng
082 _aB2817e, K3
100 _aMoses Lincoln E.
245 0 _aTables of random permutations
260 _c1963
300 _ap.
_ccm.
650 _aSamples
700 _a Oarford Robert V.
942 _hB2817e, K3
_cTEXL
_2CC
999 _c31601
_d31601